[Event "Aarhus Sommerskak 2021"]
[Site "Aarhus"]
[Date "2021.07.30"]
[Round "6"]
[White "Bank, Pelle Rodkjaer"]
[Black "Ramsdal, Jens Albert"]
[Result "1-0"]
[WhiteElo "2320"]
[BlackElo "2282"]
[PlyCount "77"]
[EventDate "2021.07.26"]
[EventType "swiss"]
[EventRounds "9"]
[EventCountry "DEN"]

1. d4 Nf6 2. Bg5 b6 3. Nd2 Bb7 4. e3 e6 5. Ngf3 h6 6. Bh4 g5 7. Bg3 d6 8. c3
Be7 9. h3 Nbd7 10. Bd3 Rg8 11. Qe2 a6 12. O-O-O b5 13. Bh2 Nd5 14. g4 c5 15. e4
c4 16. Bc2 N5b6 17. h4 b4 18. Nb1 a5 19. hxg5 hxg5 20. Bg3 Qc7 21. Rh5 Ba6 22.
Rdh1 a4 23. Rh8 Rxh8 24. Rxh8+ Nf8 25. a3 bxa3 26. Nxa3 Qb7 27. Rh5 d5 28. Nxg5
Bxa3 29. bxa3 Qe7 30. Kd2 Qxa3 31. Bc7 Qb2 32. Qf3 Kd7 33. Qxf7+ Kc6 34. Nxe6
a3 35. Bxb6 Rc8 36. Bc5 a2 37. exd5+ Kb5 38. Rh1 Nxe6 39. Qd7+ 1-0

[Event "Aarhus Sommerskak 2021"]
[Site "Aarhus"]
[Date "2021.07.30"]
[Round "6"]
[White "Thuesen, Mogens Henrik"]
[Black "Christensen, Jan Schleicher"]
[Result "0-1"]
[WhiteElo "2178"]
[BlackElo "2171"]
[PlyCount "63"]
[EventDate "2021.07.26"]
[EventType "swiss"]
[EventRounds "9"]
[EventCountry "DEN"]

1. e4 e5 2. Nf3 Nc6 3. Bb5 f5 4. d3 fxe4 5. dxe4 Nf6 6. O-O d6 7. Nc3 Be7 8.
Qd3 O-O 9. Ng5 Kh8 10. Bc4 Qe8 11. f4 exf4 12. Bxf4 Ne5 13. Bxe5 dxe5 14. Nd5
Bd8 15. Qb3 h6 16. Nxf6 Bxf6 17. Ne6 Bxe6 18. Bxe6 Rd8 19. Bf5 g6 20. Bh3 Qc6
21. Qe6 Rd6 22. Qg4 Kh7 23. Rad1 h5 24. Qe2 Rfd8 25. Rxd6 Qxd6 26. g3 Bg7 27.
Kh1 Qd2 28. Re1 Qa5 29. Be6 Rd2 30. Qc4 b5 31. Qc6 Rd6 32. Bd5 0-1

[Event "Aarhus Sommerskak 2021"]
[Site "Aarhus"]
[Date "2021.07.30"]
[Round "6"]
[White "Georgescu, Lena"]
[Black "Heimisson, Hilmir Freyr"]
[Result "1-0"]
[WhiteElo "2257"]
[BlackElo "2317"]
[PlyCount "59"]
[EventDate "2021.07.26"]
[EventType "swiss"]
[EventRounds "9"]
[EventCountry "DEN"]

1. e4 c5 2. Nf3 Nc6 3. Bb5 g6 4. O-O Bg7 5. c3 e5 6. d4 cxd4 7. cxd4 exd4 8.
Bf4 a6 9. Ba4 b5 10. Bb3 d6 11. a4 Rb8 12. Na3 Nge7 13. axb5 axb5 14. Nc2 O-O
15. Ncxd4 Ne5 16. Qe2 Bg4 17. Rfd1 Qb6 18. h3 Bxf3 19. Nxf3 Rbd8 20. Be3 Qb8
21. Nxe5 dxe5 22. Bc5 Nc6 23. Bxf8 Rxf8 24. Rd7 Nd4 25. Qd1 Qc8 26. Raa7 Nxb3
27. Qxb3 Qc1+ 28. Rd1 Qf4 29. Qf3 Rc8 30. Rb7 1-0

[Event "Aarhus Sommerskak 2021"]
[Site "Aarhus"]
[Date "2021.07.30"]
[Round "6"]
[White "Rewitz, Poul"]
[Black "Pedersen, Peer Ole"]
[Result "1-0"]
[WhiteElo "2289"]
[BlackElo "2081"]
[PlyCount "81"]
[EventDate "2021.07.26"]
[EventType "swiss"]
[EventRounds "9"]
[EventCountry "DEN"]

1. d4 d5 2. Bf4 e6 3. e3 Bd6 4. Qg4 Nf6 5. Qxg7 Rg8 6. Qh6 Rg6 7. Qh4 Rg4 8.
Qh3 Bxf4 9. exf4 Rxf4 10. Ne2 Rg4 11. f3 Rg8 12. Qh4 Nbd7 13. Nbc3 a6 14. a4 b6
15. g4 Nf8 16. Qh6 Bb7 17. Nf4 N6d7 18. Nd3 c5 19. O-O-O cxd4 20. Ne2 Nc5 21.
Nxd4 Qd7 22. b3 Nxd3+ 23. Bxd3 O-O-O 24. Qe3 Qd6 25. Kb2 e5 26. Nf5 Qf6 27. c3
Ng6 28. a5 d4 29. cxd4 exd4 30. Qf2 Ne5 31. axb6 Bxf3 32. Qc2+ Nc6 33. Qc4 Bxh1
34. Qxa6+ Kd7 35. Rxh1 Rb8 36. Rc1 Rxg4 37. Rxc6 Rg2+ 38. Ka3 Qg5 39. Qa7+ Kxc6
40. Qc7+ Kd5 41. Qd6# 1-0

[Event "Aarhus Sommerskak 2021"]
[Site "Aarhus"]
[Date "2021.07.30"]
[Round "6"]
[White "Easwaralingam, Adesh"]
[Black "Koellner, Christoph"]
[Result "1-0"]
[WhiteElo "2141"]
[BlackElo "2149"]
[PlyCount "109"]
[EventDate "2021.07.26"]
[EventType "swiss"]
[EventRounds "9"]
[EventCountry "DEN"]

1. e4 d6 2. d4 Nf6 3. Nc3 e5 4. Nf3 Nbd7 5. Bc4 Be7 6. a4 O-O 7. O-O exd4 8.
Nxd4 Re8 9. h3 Ne5 10. Ba2 Bf8 11. Bg5 c6 12. a5 h6 13. Bxf6 Qxf6 14. f4 Ng6
15. e5 Qh4 16. Qd3 d5 17. Nf5 Bxf5 18. Qxf5 Bc5+ 19. Kh2 Nf8 20. Ne4 Qe7 21.
Ng3 Qe6 22. Qd3 Qg6 23. Qc3 Nd7 24. Rae1 Bf8 25. Qd2 h5 26. c4 h4 27. Ne2 Rad8
28. Bb1 Qh6 29. cxd5 Nxe5 30. Qc2 Nd7 31. dxc6 bxc6 32. Rd1 Nc5 33. Nd4 g6 34.
Nxc6 Rc8 35. Ne5 Ne6 36. Qb3 Bg7 37. Rd7 Bxe5 38. fxe5 Rf8 39. Rdxf7 Rxf7 40.
Qxe6 Rcf8 41. Bxg6 Kh8 42. Rxf7 Rxf7 43. Qxf7 a6 44. Qf6+ Kg8 45. Bf7+ Kh7 46.
Qxh6+ Kxh6 47. e6 Kg7 48. g3 Kh6 49. e7 Kg7 50. e8=Q hxg3+ 51. Kg1 g2 52. Bc4
Kh6 53. Qg8 Kh5 54. Bd3 Kh4 55. Qg4# 1-0

[Event "Aarhus Sommerskak 2021"]
[Site "Aarhus"]
[Date "2021.07.30"]
[Round "6"]
[White "Koellner, Aaron Noah"]
[Black "Parra Becerra, Edgar Andre"]
[Result "0-1"]
[WhiteElo "2257"]
[BlackElo "2150"]
[PlyCount "128"]
[EventDate "2021.07.26"]
[EventType "swiss"]
[EventRounds "9"]
[EventCountry "DEN"]

1. d4 d5 2. Bf4 Nf6 3. e3 c5 4. c3 Nc6 5. Nd2 cxd4 6. exd4 g6 7. Bd3 Bg7 8.
Ngf3 Nh5 9. Be3 Qc7 10. Qb3 Nf6 11. Bg5 O-O 12. O-O Na5 13. Qc2 Nc6 14. Rae1
Nh5 15. Qb3 e6 16. Re3 Kh8 17. Bb1 Na5 18. Qd1 f6 19. Bh4 e5 20. dxe5 fxe5 21.
Ng5 Nf4 22. Bg3 Nc6 23. Nxh7 Kxh7 24. Bxf4 Rxf4 25. Qh5+ Kg8 26. Bxg6 Ne7 27.
Bh7+ Kf8 28. Nf3 Bg4 29. Qg5 Bxf3 30. gxf3 Qd6 31. Kh1 Qf6 32. Qg3 Nf5 33. Bxf5
Rxf5 34. Rg1 Kf7 35. Qg4 Rd8 36. Qb4 Rd7 37. Qa4 Qc6 38. Qg4 Qf6 39. Qa4 Re7
40. Qxa7 Rxf3 41. Qc5 Rxe3 42. Qxd5+ Qe6 43. Qxe6+ Kxe6 44. fxe3 Kf5 45. Kg2
Bh6 46. Kf3 e4+ 47. Ke2 Rg7 48. Rf1+ Ke5 49. Rf2 Rg4 50. c4 Rh4 51. Kd2 Rh3 52.
Re2 Rxe3 53. Rxe3 Kd4 54. b3 Bxe3+ 55. Ke2 Bh6 56. h3 Kc3 57. h4 Kb2 58. c5 Ka3
59. h5 Kb4 60. c6 bxc6 61. a4 c5 62. Kf2 c4 63. bxc4 Kxa4 64. Kg3 e3 0-1

[Event "Aarhus Sommerskak 2021"]
[Site "Aarhus"]
[Date "2021.07.31"]
[Round "7"]
[White "Bank, Pelle Rodkjaer"]
[Black "Koellner, Ruben Gideon"]
[Result "0-1"]
[WhiteElo "2320"]
[BlackElo "2407"]
[PlyCount "91"]
[EventDate "2021.07.26"]
[EventType "swiss"]
[EventRounds "9"]
[EventCountry "DEN"]

1. e4 e5 2. Bc4 Nf6 3. d3 c6 4. Nf3 d5 5. Bb3 a5 6. a3 a4 7. Ba2 Bd6 8. Nc3 d4
9. Ne2 c5 10. O-O h6 11. Ng3 Nc6 12. Nh4 g6 13. h3 Ng8 14. Nf3 Qf6 15. Nd2 g5
16. Nc4 Bc7 17. Ne3 Qg6 18. Nd5 Bd8 19. c3 h5 20. cxd4 cxd4 21. b4 h4 22. Nf5
Nce7 23. Qe2 Kf8 24. Bd2 Nxd5 25. Bxd5 Nf6 26. Ba2 Bxf5 27. exf5 Qxf5 28. Rac1
Bb6 29. b5 Kg7 30. Bb4 Rac8 31. Rxc8 Rxc8 32. g4 Qf4 33. Re1 e4 34. Be7 exd3
35. Bxf6+ Qxf6 36. Qxd3 Rc3 37. Qf5 Qxf5 38. gxf5 d3 39. Rd1 Bxf2+ 40. Kxf2
Rc2+ 41. Ke3 Rxa2 42. Rxd3 Rb2 43. Rd5 Rb3+ 44. Ke4 Rxh3 45. Rd6 Rxa3 46. Rb6
0-1

[Event "Aarhus Sommerskak 2021"]
[Site "Aarhus"]
[Date "2021.07.31"]
[Round "7"]
[White "Christensen, Jan Schleicher"]
[Black "Fries Nielsen, Jens Ove"]
[Result "0-1"]
[WhiteElo "2171"]
[BlackElo "2359"]
[PlyCount "56"]
[EventDate "2021.07.26"]
[EventType "swiss"]
[EventRounds "9"]
[EventCountry "DEN"]

1. d4 d6 2. e4 e6 3. Nc3 Ne7 4. Be3 Nd7 5. Qd2 a6 6. f4 b5 7. Bd3 Bb7 8. Nf3
Nf6 9. a3 h6 10. h3 d5 11. exd5 Nexd5 12. Nxd5 Nxd5 13. Bf2 Bd6 14. Ne5 Qf6 15.
Bg3 c5 16. c3 cxd4 17. cxd4 g5 18. O-O gxf4 19. Bxf4 Qg7 20. Bxh6 Rxh6 21. Rxf7
Bxe5 22. Rxg7 Bxg7 23. Qg5 Bxd4+ 24. Kh1 Rf6 25. Re1 O-O-O 26. Qg3 Nf4 27. Be4
Bxe4 28. Rxe4 Nh5 0-1

[Event "Aarhus Sommerskak 2021"]
[Site "Aarhus"]
[Date "2021.07.31"]
[Round "7"]
[White "Antonsen, Mikkel"]
[Black "Berg, Klaus"]
[Result "1/2-1/2"]
[WhiteElo "2407"]
[BlackElo "2285"]
[PlyCount "128"]
[EventDate "2021.07.26"]
[EventType "swiss"]
[EventRounds "9"]
[EventCountry "DEN"]

1. d4 d5 2. c4 dxc4 3. e4 Nf6 4. e5 Nd5 5. Bxc4 Nb6 6. Bd3 Nc6 7. Ne2 Bg4 8. f3
Be6 9. Nbc3 Qd7 10. Ne4 Bd5 11. Nc5 Qc8 12. a3 e6 13. Qc2 Bxc5 14. Qxc5 Qd7 15.
O-O a6 16. Bg5 Nc4 17. Bxc4 b6 18. Bxd5 bxc5 19. Be4 Rb8 20. dxc5 Nd4 21. Nc3
O-O 22. Rad1 f6 23. c6 Qe7 24. exf6 gxf6 25. Be3 e5 26. b4 Rfd8 27. f4 Qe6 28.
fxe5 fxe5 29. Bg5 Qc4 30. Bxd8 Rxd8 31. Rc1 Ne2+ 32. Nxe2 Qxe4 33. Ng3 Qe3+ 34.
Kh1 Qxa3 35. Rce1 Rf8 36. Nf5 Qxb4 37. Rxe5 Kh8 38. h3 a5 39. Kh2 a4 40. Re2 a3
41. g4 h5 42. Re6 Qd2+ 43. Kg3 a2 44. Ree1 Ra8 45. Kh4 Qc3 46. Ra1 Ra3 47. Kxh5
Qf6 48. g5 Qxc6 49. g6 Qf6 50. g7+ Kh7 51. g8=Q+ Kxg8 52. Nh6+ Kg7 53. Rxf6
Kxf6 54. Ng4+ Kf5 55. h4 Ra6 56. Ne3+ Ke4 57. Nd1 Kd3 58. Kg5 c5 59. h5 c4 60.
h6 Ra5+ 61. Kg4 Ra7 62. Kg5 Ra5+ 63. Kg4 Ra7 64. Kg5 Ra5+ 1/2-1/2

[Event "Aarhus Sommerskak 2021"]
[Site "Aarhus"]
[Date "2021.07.31"]
[Round "7"]
[White "Ahlander, Bjorn"]
[Black "Rewitz, Poul"]
[Result "1-0"]
[WhiteElo "2408"]
[BlackElo "2289"]
[PlyCount "57"]
[EventDate "2021.07.26"]
[EventType "swiss"]
[EventRounds "9"]
[EventCountry "DEN"]

1. d4 c6 2. c4 g6 3. Nc3 Bg7 4. e4 d5 5. exd5 cxd5 6. cxd5 Nf6 7. Bc4 O-O 8.
Nge2 Nbd7 9. Bb3 b5 10. Nxb5 Nb6 11. d6 a5 12. a4 exd6 13. O-O Nfd5 14. Bd2 Bf5
15. Nec3 Nb4 16. Bf4 Nc8 17. Qd2 Rb8 18. h3 Rb7 19. Nd5 Bd3 20. Bg5 Qd7 21.
Rfc1 Bxb5 22. axb5 Qxb5 23. Bc4 Qd7 24. Rxa5 Nc6 25. Nf6+ Bxf6 26. Bxf6 Nd8 27.
Qh6 Ne6 28. Rh5 gxh5 29. Bd3 1-0

[Event "Aarhus Sommerskak 2021"]
[Site "Aarhus"]
[Date "2021.07.31"]
[Round "7"]
[White "Ramsdal, Jens Albert"]
[Black "Georgescu, Lena"]
[Result "1/2-1/2"]
[WhiteElo "2282"]
[BlackElo "2257"]
[PlyCount "133"]
[EventDate "2021.07.26"]
[EventType "swiss"]
[EventRounds "9"]
[EventCountry "DEN"]

1. d4 Nf6 2. c4 e6 3. Nc3 Bb4 4. Qc2 O-O 5. Nf3 c5 6. dxc5 Na6 7. g3 Nxc5 8.
Bg2 Nce4 9. O-O Nxc3 10. bxc3 Be7 11. e4 d6 12. e5 dxe5 13. Nxe5 Qc7 14. Qe2
Nd7 15. Bf4 Nxe5 16. Bxe5 Bd6 17. Rfe1 Rb8 18. c5 Qxc5 19. Bd4 Qa5 20. Qe3 e5
21. Bxa7 Ra8 22. Bb6 Qa3 23. Rad1 Be6 24. Bxb7 Rab8 25. Bd5 Bxd5 26. Rxd5 Rfc8
27. Red1 Bf8 28. c4 Qxe3 29. Bxe3 Rxc4 30. Rxe5 Ra4 31. Rd2 Rba8 32. Rb5 Rxa2
33. Rxa2 Rxa2 34. Rb8 Rc2 35. Bf4 Rc6 36. Bd2 Rc4 37. Bf4 Rc6 38. h4 f6 39. h5
Kf7 40. Kg2 Re6 41. Kf3 Ra6 42. Rb7+ Be7 43. Bc7 Ke6 44. Bb6 Ra3+ 45. Be3 Ra4
46. Rb8 Kf7 47. Rh8 Bf8 48. h6 gxh6 49. Rxh7+ Kg6 50. Rb7 h5 51. Rb8 Bh6 52.
Bc5 Bg7 53. Rb5 Rc4 54. Be3 Bh6 55. Bxh6 Kxh6 56. Rf5 Kg6 57. Rf4 Rc2 58. Rd4
Ra2 59. Ke3 Ra1 60. Rd3 Ra5 61. f4 Kf5 62. Kf3 Rb5 63. Ra3 Rc5 64. Ra8 Rc3+ 65.
Kg2 h4 66. gxh4 Kxf4 67. Ra4+ 1/2-1/2

[Event "Aarhus Sommerskak 2021"]
[Site "Aarhus"]
[Date "2021.07.31"]
[Round "7"]
[White "Parra Becerra, Edgar Andre"]
[Black "Thuesen, Mogens Henrik"]
[Result "0-1"]
[WhiteElo "2150"]
[BlackElo "2178"]
[PlyCount "52"]
[EventDate "2021.07.26"]
[EventType "swiss"]
[EventRounds "9"]
[EventCountry "DEN"]

1. c4 e6 2. Nf3 d5 3. g3 Nf6 4. Bg2 c5 5. d4 Nc6 6. O-O Be7 7. cxd5 exd5 8. Nc3
O-O 9. dxc5 Bxc5 10. Na4 Be7 11. Be3 Re8 12. Rc1 Bg4 13. Nc5 Bxc5 14. Rxc5 Qd6
15. Rb5 Qd7 16. a4 d4 17. Bf4 Rad8 18. Re1 d3 19. exd3 Nd4 20. Rbe5 Nd5 21.
R5e4 Nxf4 22. Rxf4 f5 23. Rxd4 Qxd4 24. Rxe8+ Rxe8 25. Qb3+ Kh8 26. Nxd4 Re1+
0-1

[Event "Aarhus Sommerskak 2021"]
[Site "Aarhus"]
[Date "2021.07.31"]
[Round "7"]
[White "Heimisson, Hilmir Freyr"]
[Black "Easwaralingam, Adesh"]
[Result "1-0"]
[WhiteElo "2317"]
[BlackElo "2141"]
[PlyCount "49"]
[EventDate "2021.07.26"]
[EventType "swiss"]
[EventRounds "9"]
[EventCountry "DEN"]

1. Nf3 Nf6 2. c4 e6 3. d4 b6 4. g3 Bb4+ 5. Bd2 a5 6. a3 Be7 7. Bg2 Bb7 8. Nc3
Ne4 9. Nxe4 Bxe4 10. O-O O-O 11. b4 d5 12. c5 bxc5 13. bxc5 Nc6 14. Bc3 Qc8 15.
Re1 Qb7 16. Bf1 e5 17. e3 Bxf3 18. Qxf3 Qb3 19. Rac1 exd4 20. exd4 Bg5 21. Rb1
Qc2 22. Bd3 Qa4 23. Qf5 g6 24. Qxg5 Nxd4 25. Qf6 1-0

[Event "Aarhus Sommerskak 2021"]
[Site "Aarhus"]
[Date "2021.07.31"]
[Round "7"]
[White "Koellner, Christoph"]
[Black "Pedersen, Peer Ole"]
[Result "1-0"]
[WhiteElo "2149"]
[BlackElo "2081"]
[PlyCount "109"]
[EventDate "2021.07.26"]
[EventType "swiss"]
[EventRounds "9"]
[EventCountry "DEN"]

1. d4 e6 2. Nf3 Nf6 3. e3 b6 4. Nbd2 Be7 5. Bd3 Ba6 6. c4 c5 7. O-O d6 8. Qe2
Nc6 9. b3 O-O 10. Bb2 Qc7 11. Rac1 Rfe8 12. Rfd1 Rad8 13. e4 e5 14. d5 Nb8 15.
Nf1 Bc8 16. Ng3 g6 17. h3 Bf8 18. Bb1 Qe7 19. Rc3 h6 20. Bc1 Nh7 21. Nh2 Bg7
22. Be3 Nf6 23. a3 Kh7 24. b4 Nbd7 25. Rb3 Ng8 26. Bd3 Ndf6 27. Rdb1 Nd7 28.
Qc2 h5 29. Nf3 Bh6 30. Qd2 Bxe3 31. Qxe3 Nh6 32. Ng5+ Kg7 33. Be2 h4 34. Nf1
Rh8 35. Nh2 Nf8 36. bxc5 bxc5 37. Ngf3 Nh7 38. Qd2 Rd7 39. Qa5 Nf6 40. Bd3 Nh5
41. Rb8 Nf4 42. Bc2 g5 43. Ra8 Rc7 44. Rbb8 Rb7 45. Rxc8 Rxc8 46. Rxc8 Rb2 47.
Ne1 Rxc2 48. Nxc2 Qb7 49. Rc6 Qb1+ 50. Ne1 Qxe4 51. Qd2 Nf5 52. Nhf3 f6 53.
Rc7+ Kh6 54. Qc2 Ne2+ 55. Kh1 1-0

[Event "Aarhus Sommerskak 2021"]
[Site "Aarhus"]
[Date "2021.07.31"]
[Round "8"]
[White "Thuesen, Mogens Henrik"]
[Black "Koellner, Ruben Gideon"]
[Result "1/2-1/2"]
[WhiteElo "2178"]
[BlackElo "2407"]
[PlyCount "64"]
[EventDate "2021.07.26"]
[EventType "swiss"]
[EventRounds "9"]
[EventCountry "DEN"]

1. d4 d6 2. e4 Nf6 3. Nc3 e5 4. Nf3 Nbd7 5. Bc4 Be7 6. O-O c6 7. Bb3 h6 8. Re1
Qc7 9. a4 Nf8 10. h3 g5 11. Nh2 Rg8 12. Qd3 Ng6 13. Qc4 Bd8 14. a5 g4 15. Bxh6
gxh3 16. Bg5 hxg2 17. Bxf6 Nf4 18. Re3 Bxf6 19. Nd5 Nxd5 20. exd5 Kf8 21. dxe5
Bxe5 22. Nf3 Bf6 23. dxc6 bxc6 24. Rae1 Bg4 25. Qf4 Rg6 26. Rd3 Kg7 27. Rxd6
Bxf3 28. Rxf6 Rxf6 29. Qxc7 Rh8 30. Qg3+ Rg6 31. Qe5+ Rf6 32. Qg3+ Rg6 1/2-1/2

[Event "Aarhus Sommerskak 2021"]
[Site "Aarhus"]
[Date "2021.07.31"]
[Round "8"]
[White "Fries Nielsen, Jens Ove"]
[Black "Bank, Pelle Rodkjaer"]
[Result "1/2-1/2"]
[WhiteElo "2359"]
[BlackElo "2320"]
[PlyCount "33"]
[EventDate "2021.07.26"]
[EventType "swiss"]
[EventRounds "9"]
[EventCountry "DEN"]

1. e4 g6 2. d4 Bg7 3. c3 d6 4. Nf3 Nf6 5. Bd3 Nc6 6. O-O O-O 7. d5 Nb8 8. c4 c6
9. h3 e6 10. dxc6 Nxc6 11. Nc3 d5 12. cxd5 exd5 13. Bg5 dxe4 14. Nxe4 Nb4 15.
Nxf6+ Bxf6 16. Bxf6 Qxf6 17. Be4 1/2-1/2

[Event "Aarhus Sommerskak 2021"]
[Site "Aarhus"]
[Date "2021.07.31"]
[Round "8"]
[White "Antonsen, Mikkel"]
[Black "Ahlander, Bjorn"]
[Result "1-0"]
[WhiteElo "2407"]
[BlackElo "2408"]
[PlyCount "83"]
[EventDate "2021.07.26"]
[EventType "swiss"]
[EventRounds "9"]
[EventCountry "DEN"]

1. c4 e6 2. Nc3 d5 3. d4 Nf6 4. cxd5 exd5 5. Bg5 c6 6. e3 Bd6 7. Bd3 O-O 8. Nf3
Re8 9. Qc2 h6 10. Bh4 a5 11. Bh7+ Kf8 12. Bf5 Bxf5 13. Qxf5 Qd7 14. g4 Re6 15.
Ne5 Bxe5 16. dxe5 g6 17. Qf3 Ng8 18. Bg3 Qe7 19. Ne2 Qb4+ 20. Kf1 Kg7 21. Nd4
Re8 22. e6 f6 23. a3 Qe7 24. Nf5+ gxf5 25. gxf5 Kh8 26. Rg1 Na6 27. Qh5 Nc5 28.
Bd6 Qh7 29. Bxc5 b6 30. Bd4 c5 31. Bc3 b5 32. Rxg8+ Kxg8 33. Bxf6 Kf8 34. Ke2
Ra7 35. Rg1 Rxe6 36. fxe6 Qc2+ 37. Kf1 Qd3+ 38. Kg2 Qe4+ 39. f3 Qxe6 40. Qxh6+
Ke8 41. Qh8+ Kd7 42. Qg7+ 1-0

[Event "Aarhus Sommerskak 2021"]
[Site "Aarhus"]
[Date "2021.07.31"]
[Round "8"]
[White "Georgescu, Lena"]
[Black "Christensen, Jan Schleicher"]
[Result "1-0"]
[WhiteElo "2257"]
[BlackElo "2171"]
[PlyCount "59"]
[EventDate "2021.07.26"]
[EventType "swiss"]
[EventRounds "9"]
[EventCountry "DEN"]

1. e4 e5 2. Nf3 Nc6 3. Bb5 f5 4. d3 fxe4 5. dxe4 Nf6 6. O-O Bc5 7. Bxc6 bxc6 8.
Nxe5 O-O 9. Nc3 d6 10. Na4 Qe8 11. Nd3 Bg4 12. Qe1 Bd4 13. c3 Bb6 14. h3 Be6
15. b3 Qd7 16. Nxb6 axb6 17. c4 Rae8 18. f3 d5 19. Bb2 dxc4 20. Ne5 Qe7 21.
Nxc4 Bxc4 22. bxc4 Qc5+ 23. Kh1 Qxc4 24. Qc3 Qxc3 25. Bxc3 Kf7 26. a4 Nd7 27.
Rfd1 Rd8 28. a5 g6 29. axb6 cxb6 30. Rd6 1-0

[Event "Aarhus Sommerskak 2021"]
[Site "Aarhus"]
[Date "2021.07.31"]
[Round "8"]
[White "Rewitz, Poul"]
[Black "Koellner, Christoph"]
[Result "0-1"]
[WhiteElo "2289"]
[BlackElo "2149"]
[PlyCount "52"]
[EventDate "2021.07.26"]
[EventType "swiss"]
[EventRounds "9"]
[EventCountry "DEN"]

1. e4 d6 2. d4 Nf6 3. Nc3 e5 4. dxe5 dxe5 5. Qxd8+ Kxd8 6. Bg5 c6 7. O-O-O+ Ke8
8. f4 Be7 9. Nf3 Ng4 10. Rd2 f6 11. Bh4 exf4 12. Bc4 g5 13. Be1 Ne5 14. Bb3
Nxf3 15. gxf3 Nd7 16. e5 Nxe5 17. Ne4 Nxf3 18. Nd6+ Kd7 19. Rd1 Kc7 20. Bb4 Bh3
21. Rd3 Ne5 22. Nb5+ cxb5 23. Rc3+ Kd8 24. Rd1+ Bd7 25. Ba5+ b6 26. Be6 bxa5
0-1

[Event "Aarhus Sommerskak 2021"]
[Site "Aarhus"]
[Date "2021.07.31"]
[Round "8"]
[White "Koellner, Aaron Noah"]
[Black "Heimisson, Hilmir Freyr"]
[Result "1-0"]
[WhiteElo "2257"]
[BlackElo "2317"]
[PlyCount "47"]
[EventDate "2021.07.26"]
[EventType "swiss"]
[EventRounds "9"]
[EventCountry "DEN"]

1. d4 Nf6 2. Nf3 d5 3. e3 c5 4. c3 Nc6 5. Nbd2 g6 6. Bd3 Bg7 7. O-O O-O 8. dxc5
Qc7 9. e4 Rd8 10. Qe2 h6 11. Rd1 Bg4 12. h3 Bxf3 13. Qxf3 Ne5 14. Qg3 dxe4 15.
Bc2 Qxc5 16. Nb3 Rxd1+ 17. Bxd1 Qd6 18. Bc2 Nh5 19. Qe3 f5 20. Qe2 Nd3 21. Be3
Rd8 22. Rd1 b6 23. Nc1 Nxc1 24. Qc4+ 1-0

[Event "Aarhus Sommerskak 2021"]
[Site "Aarhus"]
[Date "2021.07.31"]
[Round "8"]
[White "Pedersen, Peer Ole"]
[Black "Parra Becerra, Edgar Andre"]
[Result "1/2-1/2"]
[WhiteElo "2081"]
[BlackElo "2150"]
[PlyCount "73"]
[EventDate "2021.07.26"]
[EventType "swiss"]
[EventRounds "9"]
[EventCountry "DEN"]

1. c4 c5 2. g3 g6 3. Bg2 Bg7 4. Nc3 Nc6 5. Nf3 e5 6. O-O Nge7 7. Ne1 a6 8. Nc2
Rb8 9. d3 b5 10. Ne3 O-O 11. Ned5 d6 12. Nxe7+ Nxe7 13. Bd2 Be6 14. b3 d5 15.
cxd5 Nxd5 16. Ne4 Qb6 17. Rc1 Rbc8 18. Ng5 Qd6 19. Nxe6 Qxe6 20. a3 h5 21. h4
Rfd8 22. Rc2 Bf8 23. Qc1 Rb8 24. Bg5 Re8 25. Bd2 b4 26. a4 Nc3 27. Bxc3 bxc3
28. Rxc3 Rxb3 29. Rxb3 Qxb3 30. Qc4 Qxc4 31. dxc4 Bd6 32. Rd1 Rd8 33. Bb7 a5
34. Bc6 Kf8 35. e4 Ke7 36. Rb1 Rb8 37. Rxb8 1/2-1/2

[Event "Aarhus Sommerskak 2021"]
[Site "Aarhus"]
[Date "2021.08.01"]
[Round "9"]
[White "Koellner, Ruben Gideon"]
[Black "Georgescu, Lena"]
[Result "1/2-1/2"]
[WhiteElo "2407"]
[BlackElo "2257"]
[PlyCount "25"]
[EventDate "2021.07.26"]
[EventType "swiss"]
[EventRounds "9"]
[EventCountry "DEN"]

1. d4 Nf6 2. Nf3 d5 3. Bf4 e6 4. e3 Bd6 5. Bg3 O-O 6. Nbd2 c5 7. c3 Qc7 8. Ne5
Nc6 9. f4 Ne7 10. Bf2 Ne4 11. Nxe4 dxe4 12. Qc2 f5 13. O-O-O 1/2-1/2

[Event "Aarhus Sommerskak 2021"]
[Site "Aarhus"]
[Date "2021.08.01"]
[Round "9"]
[White "Fries Nielsen, Jens Ove"]
[Black "Antonsen, Mikkel"]
[Result "1/2-1/2"]
[WhiteElo "2359"]
[BlackElo "2407"]
[PlyCount "109"]
[EventDate "2021.07.26"]
[EventType "swiss"]
[EventRounds "9"]
[EventCountry "DEN"]

1. d4 Nf6 2. c4 e6 3. a3 d5 4. Nf3 dxc4 5. e3 b5 6. b3 cxb3 7. Bxb5+ c6 8. Bc4
Qb6 9. Qxb3 Qxb3 10. Bxb3 Ba6 11. Nbd2 Nbd7 12. Bc4 Bxc4 13. Nxc4 Nb6 14. Na5
c5 15. O-O Ne4 16. Nc6 c4 17. a4 f6 18. Nd2 Nxd2 19. Bxd2 Kd7 20. Na5 Be7 21.
Rfc1 Rac8 22. e4 f5 23. f3 fxe4 24. fxe4 Rhf8 25. Nb7 e5 26. dxe5 c3 27. Bxc3
Rc4 28. Rd1+ Kc8 29. a5 Kxb7 30. axb6 Bc5+ 31. Kh1 Rxc3 32. bxa7 Ka8 33. e6 Rc4
34. e5 Bd4 35. Ra5 Bb6 36. Ra6 Kb7 37. Raa1 Rc7 38. Rd7 Ra8 39. g3 Rxd7 40.
exd7 Bd8 41. e6 Be7 42. Rf1 Kc7 43. Rc1+ Kd6 44. Rc8 Rxa7 45. d8=Q+ Bxd8 46.
Rxd8+ Kxe6 47. Rd2 Rd7 48. Re2+ Kf6 49. Kg2 h6 50. Ra2 Kg6 51. Rb2 Kh7 52. Ra2
Re7 53. Rb2 Rd7 54. Ra2 Re7 55. Rb2 1/2-1/2

[Event "Aarhus Sommerskak 2021"]
[Site "Aarhus"]
[Date "2021.08.01"]
[Round "9"]
[White "Bank, Pelle Rodkjaer"]
[Black "Berg, Klaus"]
[Result "1-0"]
[WhiteElo "2320"]
[BlackElo "2285"]
[PlyCount "83"]
[EventDate "2021.07.26"]
[EventType "swiss"]
[EventRounds "9"]
[EventCountry "DEN"]

1. b3 d5 2. e3 Bf5 3. Bb2 e6 4. f4 Nf6 5. Nf3 h6 6. d3 c5 7. g3 Nc6 8. Bg2 Be7
9. h3 Qc7 10. Nbd2 Bh7 11. a3 O-O 12. Qe2 b5 13. Ne5 Nxe5 14. Bxe5 Qa5 15. a4
b4 16. O-O Nd7 17. Bb2 Bf6 18. Bxf6 Nxf6 19. g4 Rad8 20. Rf2 Qc7 21. Rb1 a5 22.
h4 Kh8 23. Kh1 Ng8 24. Bh3 Qe7 25. g5 Bf5 26. Bg4 Bxg4 27. Qxg4 f5 28. Qe2 Qe8
29. Rg1 g6 30. h5 gxh5 31. Nf3 hxg5 32. Rxg5 Nf6 33. Ne5 Rg8 34. Rh2 Rg7 35.
Qg2 Rdd7 36. Nxd7 Qxd7 37. Kg1 Rxg5 38. fxg5 Ng4 39. Rxh5+ Kg8 40. Qg3 e5 41.
Qh4 Qg7 42. g6 1-0

[Event "Aarhus Sommerskak 2021"]
[Site "Aarhus"]
[Date "2021.08.01"]
[Round "9"]
[White "Ramsdal, Jens Albert"]
[Black "Heimisson, Hilmir Freyr"]
[Result "0-1"]
[WhiteElo "2282"]
[BlackElo "2317"]
[PlyCount "62"]
[EventDate "2021.07.26"]
[EventType "swiss"]
[EventRounds "9"]
[EventCountry "DEN"]

1. d4 Nf6 2. c4 e6 3. Nf3 d5 4. g3 Be7 5. Bg2 O-O 6. O-O dxc4 7. Ne5 Nc6 8.
Bxc6 bxc6 9. Nxc6 Qe8 10. Nxe7+ Qxe7 11. Na3 Rd8 12. Qc2 Rxd4 13. Be3 Rd5 14.
f3 h5 15. Qxc4 Rb8 16. Qc2 h4 17. Rac1 hxg3 18. hxg3 Ba6 19. Bxa7 Qd6 20. Kf2
Rd2 21. Rfd1 Rxc2 22. Nxc2 Qf8 23. Bxb8 Qxb8 24. b4 Qb6+ 25. e3 e5 26. a4 Bb7
27. a5 Qe6 28. e4 Qa2 29. g4 g6 30. Kg3 Qb3 31. Kh4 Qxf3 0-1

[Event "Aarhus Sommerskak 2021"]
[Site "Aarhus"]
[Date "2021.08.01"]
[Round "9"]
[White "Koellner, Christoph"]
[Black "Parra Becerra, Edgar Andre"]
[Result "1/2-1/2"]
[WhiteElo "2149"]
[BlackElo "2150"]
[PlyCount "141"]
[EventDate "2021.07.26"]
[EventType "swiss"]
[EventRounds "9"]
[EventCountry "DEN"]

1. d4 Nf6 2. Bg5 d5 3. e3 c5 4. Bxf6 gxf6 5. Nc3 Nc6 6. Qh5 e6 7. Nf3 Bd7 8.
Bb5 cxd4 9. exd4 a6 10. Bxc6 Bxc6 11. O-O Qc7 12. Rfe1 O-O-O 13. Ne2 Kb8 14.
Qh4 Be7 15. Qf4 h5 16. Qxc7+ Kxc7 17. Nf4 b6 18. c3 Bd6 19. Nd3 h4 20. Re3 Rdg8
21. Nfe1 Rh5 22. Rf3 Rh6 23. Rh3 e5 24. Re3 e4 25. Nb4 Bb7 26. Re2 f5 27. h3
Rhg6 28. Nbc2 f4 29. f3 Rg3 30. Kh2 a5 31. Rd1 Ba6 32. Red2 e3 33. Rd3 Bxd3 34.
Rxd3 b5 35. a3 Kd7 36. Rd1 Be7 37. Rc1 Rc8 38. Nd3 f6 39. Kg1 Rcg8 40. Nce1
Rxh3 41. Nxf4 Rhg3 42. Nxd5 h3 43. Nxe3 hxg2 44. N3xg2 Bd6 45. Kf1 Rh3 46. Rc2
Re8 47. f4 Bxf4 48. Nxf4 Rh1+ 49. Kf2 Rexe1 50. Kf3 Rhf1+ 51. Rf2 Rxf2+ 52.
Kxf2 Rb1 53. Nd3 Kd6 54. Ke3 Kd5 55. Nf4+ Kd6 56. Nd3 a4 57. Kd2 Kd5 58. Kc2
Rh1 59. Nb4+ Kc4 60. d5 f5 61. d6 Rh2+ 62. Kc1 Rh7 63. Nc6 Kc5 64. Ne7 Kxd6 65.
Nxf5+ Kc5 66. Nd4 Rh1+ 67. Kc2 Kc4 68. Kd2 Rh2+ 69. Kc1 Rh1+ 70. Kd2 Rh2+ 71.
Kc1 1/2-1/2